Marcatori del Milan in UEFA Europa League 2023-2024 - Statistics

Statistiche generali
  • Questo quiz è stato fatto 76 volte
  • Il punteggio medio è 11 su 13
Statistiche sulle risposte
Partita Minuto Marcatore % Corretto
Milan - Rennes 3-0 53' Rafael Leão
100%
Rennes - Milan 3-2 58' Rafael Leão
100%
Slavia Praga - Milan 1-3 51' Rafael Leão
100%
Milan - Slavia Praga 4-2 34' Olivier Giroud
88%
Milan - Slavia Praga 4-2 85' Christian Pulisic
87%
Slavia Praga - Milan 1-3 33' Christian Pulisic
87%
Milan - Rennes 3-0 22' Ruben Loftus-Cheek
87%
Milan - Rennes 3-0 47' Ruben Loftus-Cheek
87%
Milan - Slavia Praga 4-2 46' Ruben Loftus-Cheek
87%
Slavia Praga - Milan 1-3 36' Ruben Loftus-Cheek
87%
Roma - Milan 2-1 85' Matteo Gabbia
69%
Milan - Slavia Praga 4-2 44' Tijjani Reijnders
69%
Rennes - Milan 3-2 22' Luka Jović
62%
Nessun quiz corrispondente trovato
Distribuzione punteggi
Percentuale di utenti per punteggio
Percentile per numero di risposta
I tuoi punteggi nel tempo
Non hai fatto questo quiz